000 00451nam a2200181Ia 4500
001 10970
005 20260306161911.0
008 260306t2005||||xx |||||||||||||| ||spa||
041 _aESP
082 _a985
_bB73
100 _aBonilla, Heraclio
_eAUT
245 0 _aEl futuro del pasado:
_bLas coordenadas de la configuración de los andes
260 _c2005
300 _a
_c24 cm.
650 _aGEN
654 _aCHU
942 _cLIB
_dJUS
_fJUS
_2ddc
_n
999 _c10970
_d10970